| 000 | 01266aam a2200337 i 4500 | ||
|---|---|---|---|
| 001 | 768714001 | ||
| 003 | CO-MdFUSB | ||
| 005 | 20220819092452.0 | ||
| 007 | ta | ||
| 008 | 200310t1993 -us |||| |||| 00| 0 eng d | ||
| 020 | _a9780195080440 | ||
| 040 |
_bspa. _aCO-MdFUSB _cCO-MdFUSB _dCO-MdFUSBC _erda |
||
| 041 | _aeng | ||
| 082 |
_223 _a226.307 _bB915 |
||
| 100 | 1 |
_aBryan, Christopher _eautor |
|
| 245 | 1 | 2 |
_aA preface to Mark : _bNotes on the gospel in its literary and cultural settings _c/ Christopher Bryan |
| 264 | 1 |
_aNew York : _bOxford University Press, _c[1993] |
|
| 264 | 4 | _c© 1993 | |
| 300 |
_axi, 220 páginas _c; 22 cm |
||
| 336 |
_atexto _btxt _2rdacontent |
||
| 337 |
_2rdamedia _asin mediación _bn |
||
| 338 |
_2rdacarrier _avolumen _bnc |
||
| 500 | _aIncluye índices (p. 201-220) | ||
| 505 | 0 | _aUn prefacio a Marcos: Notas sobre el evangelio en su configuración literaria y cultural - ¿Qué tipo de texto es Marcos? - El género de Marcos - ¿Fue escrito Marcos para ser leído en voz alta? - Características orales del estilo de Marcos | |
| 563 | _aPasta dura | ||
| 630 | 0 | 7 |
_aBiblia. _pNuevo Testamento |
| 630 | 7 |
_aBiblia. _pMarcos _xCrítica, interpretación, etc. |
|
| 942 | _cBK | ||
| 945 | _aJTF-925 | ||
| 999 |
_c46403 _d46403 |
||